[Event "Harrogate 4NCL op-C 31st"]
[Site "Harrogate"]
[Date "2024.01.20"]
[Round "3"]
[White "Johnson, Elaine"]
[Black "Fletcher, Ben J"]
[Result "1-0"]
[WhiteElo "1514"]
[BlackElo "1347"]
[PlyCount "46"]
[EventDate "2024.01.19"]
[EventType "swiss"]
[EventRounds "5"]
[EventCountry "ENG"]
[SourceTitle "EXT 2025"]
[Source "ChessBase"]
[SourceDate "2024.10.14"]
[SourceVersion "1"]
[SourceVersionDate "2024.10.14"]
[SourceQuality "1"]

1. e4 c5 2. a3 Nc6 3. b4 cxb4 4. axb4 Nxb4 5. d4 d5 6. c3 Nc6 7. e5 Bf5 8. Na3 a6 9. Nf3 e6 10. Bd3 Nge7 11. 0-0 Nc8 12. Bxf5 exf5 13. Re1 Be7 14. Qd3 Bxa3 15. Bxa3 N8e7 16. c4 0-0 17. Nh4 dxc4 18. Qxc4 Re8 19. Rad1 Rc8 20. Qd3 g6 21. d5 Nxd5 22. Bb2 Nc7 23. Qg3 Qe7 1-0